[Event "Duesseldorf Nord Cup 9th GrM"]
[Site "Duesseldorf"]
[Date "2009.08.15"]
[Round "3"]
[White "Weindel, Joshua"]
[Black "Fast, Dominik"]
[Result "1/2-1/2"]
[WhiteElo "1539"]
[BlackElo "1188"]
[PlyCount "95"]
[EventDate "2009.08.14"]
[EventType "tourn"]
[EventRounds "5"]
[EventCountry "GER"]
[SourceTitle "EXT 2020"]
[Source "ChessBase"]
[SourceDate "2019.10.17"]
[SourceVersion "1"]
[SourceVersionDate "2019.10.17"]
[SourceQuality "1"]

1. d4 f5 2. Bf4 g6 3. e3 Bg7 4. Nd2 Nf6 5. Ngf3 0-0 6. Be2 d6 7. 0-0 b6 8. c3 Bb7 9. Qb3+ Kh8 10. Ng5 Bd5 11. c4 Bg8 12. Bf3 d5 13. Qc2 h6 14. cxd5 hxg5 15. Bxc7 Qd7 16. d6 Bd5 17. dxe7 Qxe7 18. Bg3 Bxf3 19. Nxf3 Ne4 20. Be5 g4 21. Bxg7+ Kxg7 22. Ne5 Nd7 23. Qc7 Nef6 24. Nc6 Qe6 25. Nb4 a5 26. d5 Qe5 27. Qxe5 Nxe5 28. Nc6 Nxc6 29. dxc6 Rac8 30. Rac1 Nd5 31. a3 Ne7 32. c7 Nd5 33. Rfd1 Rxc7 34. Rxc7+ Nxc7 35. Rd6 Rf6 36. Rd7+ Rf7 37. Rd6 b5 38. Rc6 Rd7 39. Kf1 Kf7 40. Ke2 Ne6 41. Ra6 a4 42. Rb6 Rd5 43. f3 gxf3+ 44. gxf3 Kf6 45. h4 Ke5 46. f4+ Kf6 47. Rb8 Rd8 48. Rxb5 1/2-1/2